000
00311nam a2200145Ia 4500
100
_a
Koirala Shivprasad
942
_c
BK
366
_f
25
245
_a
Project Management:Interview Question
260
_b
BPB
_c
2008
082
_a
658.404
_b
KOI
300
_a
202
546
_a
ENGLISH
_c
Info.Tech
999
_c
21376
_d
21376